000 01070nam1a22002291i 4500
001 rc\2919790
005 20240723205352.0
035 _a(NLR Aleph) 007070030
090 _a6370955
_c6370955
100 _a20110812d1934 |||y0rusy50 ca
101 0 _arus
102 _aRU
105 _ay j |||||
200 1 _aУчебные планы и программы специального цикла химикотехнологических втузов
_fПод ред. пред. Программно-метод. комиссии проф. Н.Н. Ворожцова
210 _aМосква
_cБ. и.
_d1934
_g13 типо-цинкография Мособлполиграфа
215 _d22х15 см
702 1 _aВорожцов
_bН.Н.
_gНиколай Николаевич
_4340
710 0 1 _aСССР
_bНародный комиссариат тяжелой промышленности
_bГлавное управление учебными заведениями
801 0 _aRU
_bNLR
_gpsbo
801 1 _aRU
_bELAR
_2rusmarc
852 _aNLR
_j34-18/441(3)
942 _cBOOK